Vykazovanie verejných financií v zmysle uplatňovania platných metodík ESA 2010 a GFS 2001 bakalárska práca

Na minha lista:
Detalhes bibliográficos
Autor principal: Ihnát, Matúš
Autor Corporativo: Národohospodárska fakulta EU. Katedra financií
Outros Autores: Baláži, Peter
Formato: Livro
Idioma:eslovaco
Publicado em: Bratislava 2016
Tags: Adicionar Tag
Sem tags, seja o primeiro a adicionar uma tag!

MARC

LEADER 00000nbm a2200000 4500
001 0221439
005 20161221095346.8
041 0 |a slo 
044 |a SK 
245 1 0 |a Vykazovanie verejných financií v zmysle uplatňovania platných metodík ESA 2010 a GFS 2001  |b bakalárska práca  |c Matúš Ihnát ; školiteľ: Peter Baláži 
264 1 |a Bratislava  |c 2016 
300 |a 45 s. 
100 1 |a Ihnát, Matúš 
700 1 |a Baláži, Peter 
710 2 |a Národohospodárska fakulta EU. Katedra financií